Dodatki do serii The Sims - Statystyki

Ogólne statystyki
  • Ten quiz został rozwiązany 197 razy
    106 od ostatniego zresetowania
  • Średni wynik to 30 z 87
Statystyki odpowiedzi
Część Dodatek % Poprawnych
Cztery pory roku
88%
Cztery pory roku
88%
Cztery pory roku
88%
Zwierzaki
77%
Zwierzaki
77%
Zwierzaki
77%
Psy i koty
74%
The Sims 4/ Dodatki Witaj w pracy
73%
Zostań gwiazdą
67%
Zostań gwiazdą
67%
Miejskie życie
64%
Miejskie życie
63%
Spotkajmy się
63%
Uniwersytet
63%
Wampiry
63%
Pokolenia
58%
Kariera
51%
Skok w przyszłość
51%
Wyspiarskie życie
48%
Studenckie życie
47%
Po zmroku
46%
The Sims 3/ Dodatki Wymarzone podróże
46%
Nie z tego świata
43%
Śnieżna Eskapada
43%
Dzień w spa
42%
Podróże
42%
Nocne życie
41%
Życie Eko
41%
Być rodzicem
40%
Czas wolny
40%
Rajska wyspa
40%
Abrakadabra
37%
The Sims 2/Dodatki Na studiach
37%
Pakiety rozgrywki Ucieczka w plener
37%
Zjedzmy na mieście
37%
Własny biznes
35%
Małe dzieci
33%
Kraina magii
32%
Kuchnia na wypasie
32%
Mój pierwszy zwierzak
32%
Perfekcyjne patio
31%
StrangerVille
31%
Wielkie pranie
30%
Osiedlowe życie
28%
Randka
28%
Słodkie niespodzianki Katy Perry
28%
Wakacje
28%
Kino domowe
27%
Przygoda w dżungli
27%
Fitness
25%
Akcesoria Wytworne przyjęcie
25%
Pokój dzieciaków
23%
Włóczkowe historie
23%
Diesel
22%
Romantyczny ogród
22%
Upiorności
22%
Film
21%
Styl dawnych lat
21%
Zabawa na podwórku
21%
Impreza
20%
Moschino
20%
Balanga
19%
Kompaktowe wnętrza
19%
Gwiazda
17%
Rezydencje i ogrody
17%
Szybka jazda
17%
Wyprawa na Batuu
17%
Zjawiska paranormalne
17%
The Sims/Dodatki Światowe Życie
16%
Wieczór na kręgielni
16%
Akcesoria Nowoczesny apartament
15%
Luksusowy wypoczynek
14%
Moda z H&M
14%
Impreza w plenerze
12%
Szalone lata 70., 80. i 90.
11%
IKEA urządza dom
10%
Młodzieżowy styl
10%
Akcesoria Rozrywka rodzinna
10%
Szyk i elegancja
10%
Darmowe pakiety Zestaw świąteczny
10%
Na święta
9%
Wielkie porządki
9%
Gitara Mrocznego Kosiarza
7%
Wiejska kuchnia
6%
Kuchnia i łazienka. Wystrój wnętrz
5%
Kolekcje To były czasy
5%
Mini Packi Świąteczny zestaw
1%
Nie znaleziono quizów pasujących do podanych kryteriów
Rozkład punktacji
Procent ludzi z każdym wynikiem
Percentyl według liczby udzielonych odpowiedzi
Twoja historia wyników
Nie rozwiązałeś tego quizu od ostatniego zresetowania